logo

Bir Sreshtho Munshi Abdur Rouf Library
Jhenaidah Cadet College

দুুনিয়া কাঁপানো দশ দিন / (Record no. 6920)

MARC details
000 -LEADER
fixed length control field 00609nam a2200217 a 4500
001 - CONTROL NUMBER
JCCL Control Number 6920
003 - CONTROL NUMBER IDENTIFIER
JCCL marc code BD-JhCC
005 - DATE AND TIME OF LATEST TRANSACTION
control field 20180201094949.0
008 - FIXED-LENGTH DATA ELEMENTS--GENERAL INFORMATION
fixed length control field 180201s r |||| || | 000 0 ben d
035 ## - SYSTEM CONTROL NUMBER
system control number (BD-JhCC)6920
040 ## - CATALOGING SOURCE
Original cataloging agency BD-JhCC
Modifying agency BD-JhCC
041 ## - LANGUAGE CODE
Language code of Book ben
082 ## - DEWEY DECIMAL CLASSIFICATION NUMBER
Classification number 947
Author mark and Year RED
100 ## - MAIN ENTRY--PERSONAL NAME
Personal name রীড, জন
245 ## - TITLE STATEMENT
Title দুুনিয়া কাঁপানো দশ দিন /
Statement of responsibility, etc জন রীড,
260 ## - PUBLICATION, DISTRIBUTION, ETC. (IMPRINT)
Place of publication, distribution, etc মস্কো :
Name of publisher, distributor, etc প্রগতি প্রকাশনী,
300 ## - PHYSICAL DESCRIPTION
Pagination 462 P. ;
Dimensions 20 cm>
650 ## - SUBJECT ADDED ENTRY--TOPICAL TERM
Topical term or geographic name as entry element History
Geographic subdivision Russia
942 ## - ADDED ENTRY ELEMENTS (KOHA)
Source of classification or shelving scheme Dewey Decimal Classification
Koha item type Books
Holdings
Source of classification or shelving scheme Damaged status Not for loan Home library Current library Shelving location Date of accession Total Checkouts Full call number Barcode Date last seen Copy number Koha item type
Dewey Decimal Classification     JCC Rouf Library JCC Rouf Library General Stacks 02/01/2018   947 RED 9491 02/01/2018 C-1 Books
Dewey Decimal Classification     JCC Rouf Library JCC Rouf Library General Stacks 02/14/2018   947 RED 9876 02/14/2018 C-2 Books

JCC Library | Contacts | JCC Home

Last Update on 23 September 2017
Copyright @ 2017-2020 JCC Rouf Library
Rouf Library, Jhenidah Cadet College (JCC), Bangladesh